[Event "XIV Figueira da Foz Open 2020"]
[Site "Figueira da Foz"]
[Date "2020.10.25"]
[Round "2.13"]
[White "Fernandes, Joao Pedro Murtinho"]
[Black "Dias, Jose Oliveira Gaspar"]
[Result "1-0"]
[WhiteElo "2084"]
[BlackElo "1589"]
[Annotator "TA"]
[PlyCount "49"]
[EventDate "2020.10.24"]
[EventType "swiss"]
[EventCountry "POR"]
[SourceTitle "playchess.com"]
[Source "ChessBase"]
[SourceQuality "1"]

{[%evp 15,49,19,44,14,5,20,8,-16,45,43,172,160,282,263,237,248,237,164,204,67,285,293,1118,820,2050,1117,1043,1022,2605,2581,29993,29994,29996,29997,29997,29998]} 1. e4 d5 2. exd5 Qxd5 3. Nc3 Qd6 4. d4 Nf6 5. Nf3 g6 6. Bc4 Bg7 7. h3 a6 8. O-O O-O 9. Re1 {B01: Scandinavian Defence.} b5 10. Bb3 Bb7 11. Ne5 {[#] The position is equal.} e6 $146 (11... Nc6 $11) ({Predecessor:} 11... Nc6 12. Bf4 Qxd4 13. Bh2 Qxd1 14. Raxd1 Nxe5 15. Rxe5 e6 16. Rc5 c6 17. Bc7 Rac8 {½-½ (49) Zachary,M (2081)-Gao,E (1908) Gonfreville 2016}) 12. Bf4 $1 $14 {aiming for Nxg6!} Qb6 {[#]} (12... Qd8 $14) 13. Nxf7 $1 $18 Kxf7 (13... Nd5 $16) 14. Rxe6 Qxe6 15. Bxe6+ Kxe6 16. Qd3 ({Less strong is} 16. Bxc7 Kf7 $16) 16... Kd7 {intending ...Nc6.} 17. Qg3 (17. d5 $18) 17... Rc8 $2 (17... Nh5 $1 $14 18. Qg4+ Rf5) 18. d5 Kd8 $2 ({Don't go for} 18... b4 $2 19. Qe3 $18) (18... Ke7 19. Bxc7 Kf7) 19. Re1 {Intending Qe3 and mate.} Nbd7 20. Qe3 {[%csl Ge1][%cal Re3e7]} Bf8 {[#]} 21. Bg5 $1 {[%csl Ge1][%cal Re3e8][%mdl 512]} c6 22. Ne4 Be7 23. Nxf6 {[%mdl 64] Overworked Piece. White mates.} Bxf6 24. d6 {[%csl Ge1][%cal Re3e8]} Ne5 25. Qxe5 {Av CentiPawn Loss W=-96/B=-266. Weighted=-79/-311} 1-0

[Event "XIV Figueira da Foz Open 2020"]
[Site "Figueira da Foz"]
[Date "2020.10.25"]
[Round "2.14"]
[White "Fonseca, Pedro Miguel Ramos"]
[Black "Guerreiro, Nuno"]
[Result "1-0"]
[WhiteElo "1590"]
[BlackElo "2079"]
[Annotator "TA"]
[PlyCount "71"]
[EventDate "2020.10.24"]
[EventType "swiss"]
[EventCountry "POR"]
[SourceTitle "playchess.com"]
[Source "ChessBase"]
[SourceQuality "1"]

{[%evp 10,71,107,116,98,91,103,93,79,79,116,73,81,49,54,58,45,48,59,39,41,51,37,8,87,60,151,150,211,233,201,190,201,204,252,231,253,235,411,410,427,427,391,236,581,252,599,555,1027,1004,952,906,1479,323,314,0,0,0,139,128,141,133,708,691]} 1. e4 Nc6 2. Nf3 Nf6 3. e5 Ng4 4. d4 d6 5. h3 Nh6 6. Nc3 a6 {B00: Queen's Fianchetto Defence, Nimzowitsch Defence.} 7. Bg5 dxe5 8. d5 {[%mdl 64] Zwischenzug} (8. Nxe5 $6 Nxd4 9. Bc4 Bf5 $11) 8... Na7 {White is better.} 9. Nxe5 {[#]} Nf5 $146 ({Predecessor:} 9... g6 10. Qd2 Bg7 11. Bxh6 Bxe5 12. O-O-O f5 13. Qe3 Bd6 14. Bd3 Rg8 15. Rhe1 Bd7 {1-0 (27) Wedel,L (2110)-Weggen,R (1819) ICCF email 2014}) 10. Bd3 {Threatens to win with Qf3.} g6 11. Bxf5 Bxf5 12. g4 Bc8 $1 13. Qe2 {Strongly threatening 0-0-0.} Bg7 14. Bf4 (14. O-O-O {feels hotter.} f6 15. Nc6 Qd7 16. Nxa7 fxg5 17. Qe3) 14... O-O 15. O-O-O Nb5 16. Nb1 Qd6 (16... Re8 $11) 17. c4 Qf6 ({Black should play} 17... Qc5 $14) 18. Qd2 g5 (18... Nd6 $16) 19. Bg3 $18 Nd6 {aiming for ...Ne4.} 20. Nc3 c5 21. Rde1 b5 22. cxb5 {And now h4 would win.} axb5 {[#] With the idea ...b4.} 23. h4 $1 {[%cal Rh4g5]} (23. Nc6 b4 $17) 23... h6 $2 (23... Nc4 {was necessary.} 24. Nxc4 (24. Qxg5 Qxg5+ 25. hxg5 Bxe5 $17) (24. hxg5 Qxe5 25. Bxe5 Nxd2 $11) 24... bxc4) 24. hxg5 hxg5 25. Qd3 {[%csl Gh1][%cal Rd3h7]} Re8 26. Re3 b4 $2 (26... Bh6 27. Nc6 (27. Nxb5 Ba6 $16) 27... Nc4) 27. Qh7+ Kf8 28. Rf3 Qxf3 29. Nxf3 {Black must now prevent Be5.} bxc3 {[#]} 30. Be5 $1 {[%csl Gh7][%cal Re5g7]} f6 31. Bxc3 $2 (31. Qg6 {Rh7 would kill now.} cxb2+ 32. Bxb2) 31... Rxa2 32. Kb1 $2 $40 {[%mdl 128] White has some attack.} ({White should try} 32. Rh5 $18 e5 {[#]} 33. Bxe5 $1 {[%mdl 512]} Rxe5 34. Nxe5 Ra1+ 35. Kc2 fxe5 36. Rxg5) 32... Bxg4 $11 33. Kxa2 {Hoping for Nh4.} Bxf3 (33... Ra8+ $11 34. Kb3 Rb8+ 35. Ka2 Ra8+ 36. Kb3 Rb8+ 37. Ka3 Ra8+ 38. Kb3) 34. Re1 $16 Bxd5+ 35. Kb1 e5 $2 {[%mdl 8192]} (35... Bf7 $16 36. Qh1 Bg6+ 37. Kc1 Rc8) 36. Qd3 {Av CentiPawn Loss W=-59/B=-95. Weighted=-30/-112} 1-0

[Event "XIV Figueira da Foz Open 2020"]
[Site "Figueira da Foz"]
[Date "2020.10.25"]
[Round "2.15"]
[White "Varela La Madrid, Tilsia Carolina"]
[Black "Fernandes, Rui Miguel"]
[Result "1-0"]
[WhiteElo "2060"]
[BlackElo "1027"]
[Annotator "TA"]
[PlyCount "63"]
[EventDate "2020.10.24"]
[EventType "swiss"]
[EventCountry "POR"]
[SourceTitle "playchess.com"]
[Source "ChessBase"]
[SourceQuality "1"]

{[%evp 25,63,32,52,48,84,18,20,14,91,89,139,123,121,113,205,200,228,228,228,202,306,306,452,398,418,399,514,478,616,615,875,596,728,635,853,841,1620,1586,1473,1404]} 1. e4 c6 2. d4 d5 3. Nc3 dxe4 4. Nxe4 Bf5 5. Ng3 Bg6 6. h4 h6 7. h5 Bh7 8. Nf3 e6 9. Bd3 Bxd3 10. Qxd3 Nd7 11. Bf4 Ngf6 12. O-O-O Nd5 13. Bd2 Bd6 14. Ne4 {B19: Classical Caro-Kann: 4...Bf5 main line.} N7f6 15. g3 ({White should try} 15. Nxd6+ $16 Qxd6 16. Ne5) 15... Nxe4 $11 16. Qxe4 {[#] The position is equal.} Qf6 $146 (16... Qc7 $11) ({Predecessor:} 16... Qc7 17. c4 Nf6 18. Qe1 Qe7 19. c5 Bc7 20. Bb4 O-O-O 21. Rd3 Nd5 22. Ba5 Rhe8 {½-½ (57) Nemeth,B (1617)-Pogany,Z (1658) Balatonlelle 2015}) 17. c4 $16 {White leaves nothing to chance now.} Nc7 18. c5 Be7 19. Bf4 $36 {[%mdl 2048] Keeping Black busy.} Bd8 (19... Nd5 $16 {was worth a try.}) 20. Be5 $18 Qf5 21. Qxf5 exf5 22. Bxg7 Rg8 (22... Rh7 {was necessary.}) 23. Bxh6 f6 (23... Rh8 $142) 24. Bf4 Ne6 25. Bd6 Nc7 26. Nh4 {White is clearly winning.} Ne6 27. Nxf5 Kf7 28. h6 b5 29. a3 Rc8 30. Rde1 Bc7 31. h7 Rh8 32. Nh6+ {Av CentiPawn Loss W=-38/B=-122. Weighted=-51/-131} 1-0

[Event "XIV Figueira da Foz Open 2020"]
[Site "Figueira da Foz"]
[Date "2020.10.25"]
[Round "2.16"]
[White "Silva, Jose Lucas Ferreira"]
[Black "Silva, Pedro Gil Ferreira D"]
[Result "0-1"]
[WhiteElo "1336"]
[BlackElo "2034"]
[Annotator "TA"]
[PlyCount "94"]
[EventDate "2020.10.24"]
[EventType "swiss"]
[EventCountry "POR"]
[SourceTitle "playchess.com"]
[Source "ChessBase"]
[SourceQuality "1"]

{[%evp 9,93,17,11,15,25,18,16,8,16,-6,14,2,14,-10,20,-43,-13,-64,-1,-146,-135,-153,-145,-160,-143,-142,-12,-34,0,-130,-114,-197,-193,-261,-252,-288,-282,-287,-262,-261,-231,-231,-221,-298,-266,-312,-302,-550,-539,-719,-699,-5322,-5314,-5294,-5206,-29980,-29981,-29982,-29981,-29986,-29984,-29989,-29990,-29990,-29991,-29991,-29992,-29992,-29993,-29993,-29994,-29994,-29995,-29995,-29996,-29996,-29997,-29997,-29998,-29998,-29997,-29997,-29998,-29998,-29999,-29999]} 1. e4 c6 2. Nf3 g6 3. d4 d5 4. Bd3 dxe4 5. Bxe4 Nf6 6. Bd3 {B06: Modern Defence.} Bg7 7. c3 O-O 8. O-O {The position is equal.} Nbd7 9. Be3 Qc7 10. Nbd2 c5 {[#]} 11. Nc4 $146 ({Predecessor:} 11. Re1 cxd4 12. Bxd4 Re8 13. Bc4 e6 14. h3 Nb6 15. Bb3 a5 16. a4 Nbd5 17. Ba2 {1-0 (52) Conesa,A (1380)-Pareux,M (1580) Loire 2002}) 11... b6 12. Nce5 ({White should try} 12. Bg5 $11) 12... Bb7 13. Bf4 (13. Nxd7 $11 Nxd7 14. Rc1) 13... Qc8 (13... Nh5 $1 $15 14. Nxd7 Qxd7) 14. Bc4 (14. Nc4 $11 {remains equal.}) 14... cxd4 $17 15. Bxf7+ Rxf7 16. Nxf7 Kxf7 17. cxd4 Bxf3 ({Better is} 17... Nf8 $1 $17 {White must now prevent ...Qf5.} 18. Re1 Qf5) 18. Qxf3 $11 Qd8 {[#]} 19. g4 {[#]} (19. Bc7 $1 $11 {[%mdl 512] keeps the balance.} Qe8 (19... Qxc7 20. Qxa8) 20. Rfe1) 19... Nf8 $1 $17 {White is on the road to losing.} 20. g5 (20. Be5 $17) 20... Qd5 $19 21. Qe3 (21. Kg2 {keeps fighting.} Ne6 22. Be3 Qxf3+ 23. Kxf3) 21... Nh5 22. Rfe1 Ne6 ({But not} 22... Bxd4 23. Qxe7+ Kg8 24. Bd6 $17) 23. Be5 Bxe5 24. Qxe5 Qxe5 25. Rxe5 Nxd4 {And now ...Nf3+ would win.} 26. Kg2 Rc8 27. Rae1 Nf5 28. R1e2 $2 (28. R5e4 {might work better.}) 28... Nf4+ {[%mdl 64] Double Attack} 29. Kf3 Nxe2 30. Rxe2 {[%mdl 4096] Endgame KRN-KR} Nd4+ {[%mdl 64] Double Attack} 31. Ke3 Nxe2 32. Kxe2 {KR-KP} Rc2+ {[%mdl 64] Double Attack. Black mates.} 33. Kf3 Rxb2 34. h4 Rxa2 35. Kg4 Rxf2 {KR-KPP} 36. h5 a5 37. hxg6+ hxg6 {KR-KP} 38. Kg3 Rf5 39. Kh4 a4 40. Kh3 a3 41. Kh2 a2 42. Kg3 a1=Q 43. Kh4 Qe1+ 44. Kg4 Qe4+ 45. Kg3 Rf3+ 46. Kg2 Qe2+ 47. Kg1 Rf1# {Av CentiPawn Loss W=-49/B=-22. Weighted=-68/-31} 0-1

[Event "XIV Figueira da Foz Open 2020"]
[Site "Figueira da Foz"]
[Date "2020.10.25"]
[Round "2.19"]
[White "Soares, Sara Joana De Moura "]
[Black "Santos, Luis Manuel Freire R"]
[Result "1-0"]
[WhiteElo "1654"]
[BlackElo "1891"]
[Annotator "NA RC"]
[PlyCount "71"]
[EventDate "2020.10.24"]
[EventType "swiss"]
[EventCountry "POR"]
[SourceTitle "playchess.com"]
[Source "ChessBase"]
[SourceQuality "1"]
[TimeControl "40/5400+30:1800+30"]

1. d4 d5 2. c4 e6 {[%emt 0:03:59]} 3. Nc3 {[%emt 0:05:06]} Nf6 {[%emt 0:01:29]} 4. Nf3 {[%emt 0:02:13]} g6 {[%emt 0:02:38]} 5. Bf4 {[%emt 0:02:25]} c6 {[%emt 0:01:16]} 6. e3 {[%emt 0:06:18] D37: Queen's Gambit Declined: 5 Bf4.} Bg7 7. h3 {[%emt 0:01:15]} O-O {[%emt 0:06:26]} 8. Bd3 {[%emt 0:05:05]} b6 {[%emt 0:06:48]} 9. O-O {[%emt 0:08:19]} Bb7 {[%emt 0:04:18]} 10. Rc1 {[%emt 0:04:43]} Na6 {[%emt 0:05:48]} 11. a3 {[%emt 0:05:50]} c5 {[%emt 0:05:00]} 12. Qe2 {[%emt 0:00:58] [#]} Re8 $146 {[%emt 0:06:23]} ({Predecessor:} 12... dxc4 13. Bxc4 cxd4 14. Bxa6 Bxa6 15. Qxa6 dxc3 16. Rxc3 Nd5 17. Rd3 Qe7 18. Bg3 Bxb2 {½-½ (61) Plasil,P (2000)-Pelowski,Z (1646) Tatranske Zruby 2012}) 13. cxd5 {[%emt 0:17:25]} cxd4 {[%emt 0:09:14]} 14. Nb5 {[%emt 0:04:36]} Bf8 $18 {[%emt 0:09:02]} (14... Nxd5 $11 15. Bg3 e5 16. exd4 e4 17. Bxe4 Nf6) 15. dxe6 {[%emt 0:00:36]} Rxe6 {[%emt 0:09:22]} 16. Nbxd4 {[%emt 0:02:18]} Re8 17. Bxa6 {[%emt 0:00:03]} Bxa6 {[%emt 0:02:55]} 18. Qxa6 {[%emt 0:01:54]} Ne4 {[%emt 0:03:23]} 19. b4 {[%emt 0:00:51]} Bg7 {[%emt 0:01:07]} 20. Rfd1 {[%emt 0:03:13]} Qf6 {[%emt 0:06:43]} 21. Nb5 {[%emt 0:05:02]} Rad8 {[%emt 0:02:08]} 22. Rxd8 {[%emt 0:00:53]} Rxd8 23. Be5 {[%emt 0:00:05]} Qe7 {[%emt 0:01:25]} 24. Bxg7 {[%emt 0:00:21]} Kxg7 {[%emt 0:00:55]} 25. Nbd4 {[%emt 0:00:57]} Ng5 {[%emt 0:00:22]} 26. Nxg5 {[%emt 0:00:55]} Qxg5 {[%emt 0:01:29]} 27. Rc7 {[%emt 0:02:47]} Qh5 {[%emt 0:01:17]} 28. Qd3 {[%emt 0:01:22]} Ra8 {[%emt 0:01:15]} 29. Qb3 {[%emt 0:00:19]} Rf8 {[%emt 0:00:40]} 30. Ne6+ {[%emt 0:00:06]} Kg8 {[%emt 0:00:42]} 31. Nxf8 {[%emt 0:01:09]} Qf5 {[%emt 0:00:56]} 32. Nd7 {[%emt 0:00:26]} a6 {[%emt 0:00:34]} 33. Nxb6 {[%emt 0:01:23]} Kg7 {[%emt 0:00:39]} 34. Qc2 {[%emt 0:00:11]} Qe5 35. Qc3 {[%emt 0:00:02]} Qxc3 {[%emt 0:01:05]} 36. Rxc3 1-0

[Event "XIV Figueira da Foz Open 2020"]
[Site "Figueira da Foz"]
[Date "2020.10.25"]
[Round "2.20"]
[White "Costa, Joao Guerra"]
[Black "Marcal, Armando Paulo Gomes"]
[Result "1-0"]
[WhiteElo "2150"]
[BlackElo "1652"]
[Annotator "TA"]
[PlyCount "81"]
[EventDate "2020.10.24"]
[EventType "swiss"]
[EventCountry "POR"]
[SourceTitle "playchess.com"]
[Source "ChessBase"]
[SourceQuality "1"]

{[%evp 10,81,11,7,23,6,5,5,-4,-10,0,-18,-20,-22,-22,-25,-22,-68,-59,-107,-75,-72,-70,-73,-34,-92,-54,-114,-120,-122,-115,-119,-112,-450,687,-131,-126,-131,-126,-125,-119,-131,-108,-147,-119,-189,-99,-102,-55,-55,-55,-54,-56,-56,-56,-56,-56,-60,-45,-70,-66,-154,-96,-300,-261,-285,-277,-256,-13,-298,-298,-314,-298,-313]} 1. e4 e6 2. Nc3 d5 3. exd5 exd5 4. d4 c6 5. Nf3 Nf6 6. Bd3 Be7 {C01: French: Exchange Variation.} 7. O-O Bg4 8. Re1 O-O {The position is equal.} 9. Bg5 Nbd7 10. Re3 Bd6 {[#]} 11. Qd2 $146 ({Predecessor:} 11. Ne2 h6 12. Bh4 Qc7 13. Bg3 Rae8 14. c4 Rxe3 15. fxe3 Bxg3 16. Nxg3 Re8 17. Qe1 {1-0 (47) Silva,J (1970)-Avsitidiysky,A (1815) Iasi 2013}) 11... h6 12. Bxf6 $1 Qxf6 13. Ne2 Rae8 14. c4 dxc4 15. Bxc4 Nb6 $36 {[%mdl 2048] Black has the initiative.} 16. Bb3 Re7 17. Re1 (17. Rf1 $15) 17... Rfe8 18. Nc3 (18. Ng3 $15 Bxf3 19. gxf3) 18... Bxf3 $1 $17 19. Rxe7 Rxe7 20. Rxe7 Qxe7 21. Qe3 $2 {[%mdl 8192]} (21. gxf3 $17 {nothing else works.} Qh4 22. Kf1) 21... Qh4 $4 {[%mdl 8192]} (21... Bg4 $19 22. Ne4 Bb4) 22. gxf3 $2 (22. Qe8+ $18 Kh7 23. Bc2+ g6 24. Qxf7+ {[%mdl 64] Double Attack} Kh8 25. Qe8+ (25. gxf3 Qg5+ 26. Kf1 Qc1+ 27. Bd1 Bb4 $14) (25. Qxf3 Kg7 $14) 25... Kg7 26. Qxg6+ {[%mdl 64] Double Attack} Kf8 27. Qxd6+ Kf7 28. Qg6+ Ke7 29. Qh7+ Kd8 30. Qh8+ Ke7 31. gxf3 Qg5+ 32. Kf1) 22... Qxh2+ 23. Kf1 {Black must now prevent Qe8+.} Qh3+ 24. Ke2 {Threatening mate with Qe8+.} Qd7 25. Qe4 Qe7 26. Kd3 Nd7 27. Qg6 (27. Qxe7 $17 Bxe7 28. Ke3) 27... Nf6 (27... Nf8 $1 $19 {[%cal Rf8g6]} 28. Qf5 g6) 28. Ne4 Bc7 (28... Ne8 {feels hotter.} 29. Qf5 Qc7 30. Ke2 b6 31. Kf1 Bf4) 29. Nxf6+ Qxf6 30. Qxf6 gxf6 $15 {[%mdl 4096] Endgame KB-KB} 31. Ke4 Kf8 32. d5 c5 33. Bc4 Ke7 34. Kf5 a6 {[%cal Ba7a6,Ba6a5][%mdl 32]} 35. a3 {[#]} (35. a4 $15) 35... Be5 (35... b5 $142 $1 {[%cal Rb5c4]} 36. Be2 c4) 36. b4 $2 (36. d6+ $17 Kxd6 37. b3) 36... cxb4 37. axb4 Kd6 38. b5 Bc3 $2 ({Black should play} 38... a5 $19 {Hoping for ...Kc5.} 39. f4 Bd4) 39. Ba2 $2 {[%mdl 8192] [#]} (39. bxa6 $11 {and White stays safe.} bxa6 40. Bxa6) 39... a5 $1 $19 ({Weaker is} 39... axb5 40. Kg4 $17) 40. f4 Bd4 41. f3 {[%mdl 32768] Av CentiPawn Loss W=-62/B=-50. Weighted=-112/-76. Loss on time!?} 1-0

[Event "XIV Figueira da Foz Open 2020"]
[Site "Figueira da Foz"]
[Date "2020.10.25"]
[Round "3.1"]
[White "Batsiashvili, Nino"]
[Black "Dias, Paulo"]
[Result "1/2-1/2"]
[WhiteElo "2467"]
[BlackElo "2338"]
[Annotator "TA"]
[PlyCount "62"]
[EventDate "2020.10.24"]
[EventType "swiss"]
[EventCountry "POR"]
[SourceTitle "playchess.com"]
[Source "ChessBase"]
[SourceQuality "1"]

{[%evp 22,62,37,29,35,35,30,27,37,33,39,40,44,36,60,51,52,55,71,43,50,46,39,39,37,33,36,23,27,20,37,42,58,60,62,70,72,33,50,49,63,55,75]} 1. d4 Nf6 2. c4 e6 3. Nc3 Bb4 4. e3 d5 5. Nf3 b6 6. cxd5 exd5 7. Bd3 O-O 8. Bd2 Bb7 9. O-O Nbd7 {[%cal Bb8d7,Bd7c5,Bc5e6][%mdl 32]} 10. Rc1 c5 {Recently 10...Be7 got a lot of attention.} 11. a3 Bxc3 12. Bxc3 Ne4 {E52: Nimzo-Indian: Rubinstein: 4...0-0 5 Nf3 d5 6 Bd3 b6.} 13. dxc5 Ndxc5 {[#]} 14. Be2 $146 ({Predecessor:} 14. Bb4 Nxd3 15. Bxf8 Nxc1 16. Qxc1 Rc8 17. Qb1 Qxf8 18. Rd1 Qc5 19. h3 Qc2 {0-1 (19) Urlass,B (1628)-Kaiser,M (1770) Leipzig 2003}) 14... Rc8 {White has an edge.} 15. Bd4 Qe7 16. b4 Ne6 17. Qd3 h6 18. Bb2 Nd6 19. Nd4 Rc4 20. Rcd1 Nxd4 21. Bxd4 Rfc8 22. Qb1 R4c7 23. Qa1 f6 24. Bd3 Bc6 25. Qa2 Qf7 26. a4 Bd7 27. a5 Nc4 28. axb6 axb6 29. Bb1 Bg4 {White is slightly better.} 30. f3 Be6 31. Qc2 Kf8 {Av CentiPawn Loss W=-5/B=-7. Weighted=-6/-7} 1/2-1/2

[Event "XIV Figueira da Foz Open 2020"]
[Site "Figueira da Foz"]
[Date "2020.10.25"]
[Round "3.2"]
[White "Taboas Rodriguez, Daniel"]
[Black "Cumming, Rhys"]
[Result "0-1"]
[WhiteElo "2365"]
[BlackElo "2299"]
[Annotator "TA"]
[PlyCount "130"]
[EventDate "2020.10.24"]
[EventType "swiss"]
[EventCountry "POR"]
[SourceTitle "playchess.com"]
[Source "ChessBase"]
[SourceQuality "1"]

{[%evp 9,130,0,0,0,29,30,29,-27,0,0,9,1,13,0,46,35,40,28,28,28,31,35,39,31,31,31,36,24,46,39,40,36,39,46,52,52,58,56,73,73,95,58,58,43,42,30,27,22,20,15,38,14,18,20,12,10,4,0,0,0,0,0,0,0,1,1,2,0,0,0,0,0,0,0,0,-5,0,0,11,0,12,7,8,0,0,0,0,0,0,0,0,0,0,-510,-487,-408,-265,-402,-217,-1190,-1086,-1138,-1133,-995,-913,-1409,-1572,-5810,-5394,-5029,-5197,-5714,-2104,-29973,-29974,-29974,-29974,-29974,-29975,-29978,-29977,-29977,-29978]} 1. Nf3 Nf6 2. c4 g6 3. Nc3 Bg7 4. e4 e5 5. g3 O-O 6. Bg2 {A16: English Opening: 1...Nf6 with ...d5.} c6 7. O-O d5 8. d3 (8. exd5 $142 cxd5 9. Nxe5) 8... dxe4 (8... d4 $5 {[%cal Rd4c3]} 9. Ne2 Re8 $11) 9. dxe4 Qc7 {[#]} 10. h3 $146 ({Predecessor:} 10. b3 Nbd7 11. h3 Nc5 12. Qc2 a5 13. Be3 Ne6 {½-½ (13) Granovski,A (2350)-Markosian,D (2439) Serpukhov 2003}) 10... Na6 11. Be3 Bd7 12. Qe2 Rad8 13. Rad1 Bc8 14. a3 Nd7 15. b4 Rfe8 16. Bg5 f6 17. Be3 Nf8 18. c5 ({Weaker is} 18. Bxa7 b6 $17) 18... Qf7 19. Rxd8 Rxd8 20. Rd1 Rxd1+ 21. Qxd1 Be6 22. Bf1 Qd7 23. Qxd7 Nxd7 24. Nd2 f5 25. Nc4 f4 $1 {[%cal Rf4e3]} 26. Bd2 Nab8 27. h4 b6 28. cxb6 axb6 29. Bd3 h6 30. Kf1 g5 31. hxg5 hxg5 32. Ke2 Bf8 33. Nb1 b5 34. Na5 Kg7 35. Bc3 Kf6 36. Nd2 Bg4+ 37. f3 Be6 38. g4 Bd6 39. Kd1 Bc7 40. Ndb3 Bb6 41. Kc2 Ke7 42. Nb7 Bg8 43. N3a5 Bf7 44. Kb2 Bc7 45. Bc2 Nb6 46. Bb3 Bxb3 47. Kxb3 Na4 48. Kc2 Nxc3 49. Kxc3 $11 {[%mdl 4096] Endgame KBN-KNN} Bb6 50. Kb3 Kd7 51. a4 $2 {[%mdl 8192] Black keeps a firm grip on the game.} (51. Kc3 $11 {and White is okay.}) 51... Na6 $19 52. Ka3 {[#]} Kc7 $1 53. Kb3 Bf2 (53... Bd4 $142 54. Nxc6 bxa4+ 55. Kxa4 Kxc6 56. Nd8+ Kd7) 54. Ka3 $2 (54. Nd8 bxa4+ 55. Kxa4 Kxd8 56. Nxc6+ Kd7 57. Nxe5+ Ke6 58. Nc6) 54... Be1 55. Nxc6 Kxc6 56. Nd8+ Kb6 57. Nf7 Bxb4+ 58. Kb3 bxa4+ 59. Kxa4 Be7 60. Kb3 Bf6 61. Kc4 Kc6 {Black mates.} 62. Nh6 Nc7 63. Ng8 Bd8 64. Nh6 Ne6 65. Nf5 Bf6 {Av CentiPawn Loss W=-72/B=-31. Weighted=-48/-27} 0-1

[Event "XIV Figueira da Foz Open 2020"]
[Site "Figueira da Foz"]
[Date "2020.10.25"]
[Round "3.3"]
[White "Garcia Dorado, Alberto"]
[Black "Djuric, Stefan"]
[Result "1/2-1/2"]
[WhiteElo "2181"]
[BlackElo "2358"]
[Annotator "TA"]
[PlyCount "39"]
[EventDate "2020.10.24"]
[EventType "swiss"]
[EventCountry "POR"]
[SourceTitle "playchess.com"]
[Source "ChessBase"]
[SourceQuality "1"]

{[%evp 16,39,6,5,35,46,48,27,43,27,45,28,34,27,37,20,56,50,50,0,0,0,31,3,29,22]} 1. d4 Nf6 2. c4 c5 3. d5 d6 4. Nc3 g6 5. f3 Bg7 6. e4 O-O 7. Nge2 e6 8. Be3 exd5 9. cxd5 Bd7 {A65: Modern Benoni: 6 e4.} 10. Ng3 Na6 11. Be2 {[#]} b5 $146 ({Predecessor:} 11... Rb8 12. a4 Ne8 13. O-O h5 14. Qd2 h4 15. Nh1 Nb4 16. f4 a6 17. e5 b6 {1-0 (44) Martinez Martin,D (2235)-Villafane Roca,H (2190) Oropesa del Mar 1998}) 12. Qd2 b4 13. Nd1 Nc7 14. O-O Qe7 15. Bh6 Nb5 16. Bxg7 Kxg7 17. Bxb5 Bxb5 18. Re1 Qe5 19. Nf2 h5 20. f4 {Av CentiPawn Loss W=-14/B=-15. Weighted=-14/-19} 1/2-1/2

[Event "XIV Figueira da Foz Open 2020"]
[Site "Figueira da Foz"]
[Date "2020.10.25"]
[Round "3.4"]
[White "Santos, Jose Guilherme B Lim"]
[Black "Pintor, Simao Maciel Abranch"]
[Result "1-0"]
[WhiteElo "2229"]
[BlackElo "2115"]
[Annotator "TA"]
[PlyCount "50"]
[EventDate "2020.10.24"]
[EventType "swiss"]
[EventCountry "POR"]
[SourceTitle "playchess.com"]
[Source "ChessBase"]
[SourceQuality "1"]

{[%evp 17,50,0,32,13,39,54,47,47,60,65,81,75,116,114,109,116,114,110,108,108,109,95,116,116,209,197,194,192,184,183,244,227,258,253,250]} 1. c4 e6 2. Nf3 d5 3. d4 c5 4. e3 Nc6 5. Nc3 a6 6. cxd5 exd5 7. Be2 Nf6 8. O-O Bd6 9. b3 O-O {is the legacy move (9...cxd4).} 10. Bb2 {D32: Tarrasch Defence: Sidelines and lines without g3.} Bf5 11. Rc1 {[#]} cxd4 $146 ({Predecessor:} 11... b6 12. Na4 Ne4 13. Nd2 Re8 14. Nxe4 dxe4 15. dxc5 bxc5 16. Nxc5 Qe7 17. Qd5 Ne5 18. Nxe4 {1-0 (31) Kaiser,S (1492)-Schikowsky,A (1883) Solingen 2010}) 12. Nxd4 {White is slightly better.} Bd7 13. Bf3 Qe7 14. g3 Nxd4 15. Qxd4 Bc6 16. Nxd5 Bxd5 17. Bxd5 Rad8 18. e4 $36 {[%mdl 2048] White is in control.} Rfe8 19. Rfe1 Bb4 20. Red1 Ba3 (20... Rd7 $16 21. Qc4 Nxd5) 21. Bxa3 $18 Qxa3 22. Rc7 {[%mdl 64] [#] Double Attack} Nxd5 23. exd5 Rd6 (23... Qxa2 $142 24. Qf4 (24. Rxb7 Qe2 $16) 24... Rf8) 24. Rd2 h6 25. Kg2 Qa5 {Black did not feel at home in the position after the opening. Av CentiPawn Loss W=-3/B=-17. Weighted=-3/-18} 1-0